Państwa którymi rządziły te postacie cz.2 - Statystyki

Ogólne statystyki
  • Ten quiz został rozwiązany 78 razy
    50 od ostatniego zresetowania
  • Średni wynik to 6 z 20
Statystyki odpowiedzi
Obrazkowy Odpowiedź % Poprawnych
Chińska Republika Ludowa
95%
Związek Socjalistycznych Republik Radzieckich
80%
Polska
66%
Iran
64%
Hiszpania
45%
Rosja
45%
Etiopia
36%
Wietnam
36%
Stany Zjednoczone Ameryki
30%
Belgia
25%
Uganda
23%
Indonezja
18%
Turcja
18%
Wenezuela
16%
Egipt
11%
Portugalia
9%
Austria
7%
Chile
7%
Republika Środkowoafrykańska
7%
Brazylia
2%
Nie znaleziono quizów pasujących do podanych kryteriów
Rozkład punktacji
Procent ludzi z każdym wynikiem
Percentyl według liczby udzielonych odpowiedzi
Twoja historia wyników
Nie rozwiązałeś tego quizu od ostatniego zresetowania